| 000 | 00952nam a2200277 a 4500 | ||
|---|---|---|---|
| 001 | |||
| 003 | DO-SdBNP | ||
| 005 | 20211005110658.0 | ||
| 008 | 100129s2008 dr ab r 000 0 spa d | ||
| 020 | _a9789945130942 | ||
| 040 |
_aDO-SdBNP _bspa _cBPMSU |
||
| 082 |
_a363.61 _bM553c 2008 _222 |
||
| 100 | 1 | _aMercedes Matos, Ángel Leonardo | |
| 245 | 1 | 0 |
_aCalidad del agua para consumo humano : _bRepública Dominicana 2006 / _cLeonardo Mercedes ; prólogo Bautista Rojas Gómez. |
| 260 |
_aSanto Domingo : _bMediabyte, _c2008. |
||
| 300 |
_a200 p. : _bil., gráfcs., mapas ; _c23 cm. |
||
| 500 | _aIncluye datos biográficos del autor en la contracubierta | ||
| 504 | _aBibliografía : p. 179-186. | ||
| 590 | _aInventariado, 2021/VM | ||
| 650 | 4 |
_aAgua potable _xNormas |
|
| 650 | 4 | _aProcesos de potabilización del agua | |
| 650 | 4 | _aCalidad del agua | |
| 700 | 1 |
_aRojas Gómez, Bautista, _epról. |
|
| 910 | _aVMateo V. | ||
| 942 |
_2ddc _cBK |
||
| 999 |
_c13759 _d13759 |
||